New York County Seats - Statistics

General Stats
  • This quiz has been taken 75 times
  • The average score is 22 of 62
Answer Stats
County County Seats % Correct
Albany Albany
97%
Erie Buffalo
81%
Schenectady Schenectady
72%
Bronx None (Bronx)
69%
Queens None (Queens)
69%
Westchester White Plains
69%
Tompkins Ithaca
66%
Richmond None (Staten Island)
66%
Monroe Rochester
66%
Broome Binghamton
63%
Kings None (Brooklyn)
63%
Oswego Oswego
63%
Clinton Plattsburgh
59%
Dutchess Poughkeepsie
59%
Onondaga Syracuse
59%
Cortland Cortland
56%
Ulster Kingston
56%
Oneida Utica
56%
Rensselaer Troy
53%
Chemung Elmira
44%
Jefferson Watertown
44%
Columbia Hudson
41%
Livingston Geneseo
38%
Herkimer Herkimer
34%
Nassau Mineola
34%
Schoharie Schoharie
34%
Otsego Cooperstown
31%
Suffolk Riverhead
31%
Schuyler Watkins Glen
31%
Cayuga Auburn
28%
Greene Catskill
28%
Orange Goshen
28%
Sullivan Monticello
28%
Rockland New City
28%
Delaware Delhi
25%
Genesee Batavia
22%
Ontario Canandaigua
22%
Fulton Johnstown
22%
Niagara Lockport
22%
Chautauqua Mayville
22%
Yates Penn Yan
22%
Wyoming Warsaw
22%
Steuben Bath
19%
St. Lawrence Canton
19%
Montgomery Fonda
19%
Washington Fort Edward
19%
Hamilton Lake Pleasant
19%
Franklin Malone
19%
Tioga Owego
19%
Saratoga Ballston Spa
16%
Allegany Belmont
16%
Putnam Carmel Hamlet
16%
Essex Elizabethtown
16%
Cattaraugus Little Valley
16%
Chenango Norwich
16%
Lewis Lowville
13%
Wayne Lyons
13%
New York None (Manhattan)
13%
Warren Queensbury
13%
Madison Wampsville
13%
Seneca Waterloo
13%
Orleans Albion
9%
No matching quizzes found
Score Distribution
Percent of People with Each Score
Percentile by Number Answered
Your Score History
You have not taken this quiz